Hoofdsteden per Letter - K - Statistieken

Algemene statistieken
  • Deze quiz is 1.523 keer genomen
    1.519 sinds de laatste reset
  • De gemiddelde score is 8 van 13
Antwoordstatistieken
Land Hoofdstad % Correct
Denemarken Kopenhagen
78%
Oekraïne Kiev
69%
Jamaica Kingston
67%
St. Vincent & de Grenadines Kingstown
67%
Nepal Kathmandu
64%
Maleisië Kuala Lumpur
64%
D.R. Congo Kinshasa
63%
Zuid-Afrika Kaapstad
62%
Afghanistan Kabul
59%
Rwanda Kigali
58%
Oeganda Kampala
57%
Soedan Khartoem
52%
Koeweit Koeweit
52%
Geen overeenkomende quizzen gevonden
Scoreverdeling
Procent van Mensen met Elke Score
Percentiel versus Aantal Correcte Antwoorden
Uw Scoregeschiedenis
U heeft deze quiz nog niet genomen sinds de laatste reset